| 000 | 02061cam a2200349 i 4500 | ||
|---|---|---|---|
| 003 | SA-RiAUC | ||
| 005 | 20241016085103.0 | ||
| 008 | 241015s1997 ly a 00000 ara c | ||
| 040 |
_aSA-RiKSU _bara _cSA-RiAUC _erda |
||
| 082 | 0 | 4 | _a258.2 |
| 090 |
_a258.2 _bم ن ج |
||
| 100 | 1 |
_aالمنجور، أحمد بن علي بن عبد الرحمن، _d926-995 هجري _eمؤلف. |
|
| 245 | 1 | 2 |
_aالإسعاف بالطلب : _bمختصر شرح المنهج المنتخب في قواعد مذهب الإمام مالك / _cأحمد المنجور ؛ جمع أبي القاسم التواتي ؛ مراجعة وتصحيح وتخريج حمزة أبو فارس، عبد المطلب قنباشة. |
| 246 | 3 | 0 | _aمختصر شرح المنهج المنتخب في قواعد مذهب الإمام مالك |
| 264 | 1 |
_aطرابلس، ليبيا : _bدار الحكمة، _c1997 |
|
| 300 |
_a399 صفحة ؛ _c24 سم |
||
| 336 |
_aنص _btxt _2rdacontent _3كتاب |
||
| 337 |
_aبدون وسيط _bn _2rdamedia |
||
| 338 |
_aمجلد _bnc _2rdacarrier |
||
| 650 | 7 |
_aالفقه المالكي _2aucsh |
|
| 650 | 7 |
_aالقواعد الفقهية _2aucsh |
|
| 700 | 1 |
_aالتواتي، أبو القاسم بن محمد، _d1980- _eجامع. |
|
| 700 | 1 |
_aأبو فارس، حمزة، _d1946- _eمراجع. |
|
| 700 | 1 |
_aقنباشة، عبد المطلب _eمراجع. |
|
| 700 | 1 | 2 |
_aالمنجور، أحمد بن علي بن عبد الرحمن، _d926-995 هجري _tشرح المنهج المنتخب في قواعد مذهب الإمام مالك. |
| 700 | 1 | 2 |
_aالزقاق، علي بن قاسم بن محمد، _dتوفي 912 هجري. _tالمنهج المنتخب على قواعد المذهب. |
| 700 | 1 |
_aالإمام مالك، مالك بن أنس بن مالك، _d93-179 هجري _tمذهب الإمام مالك |
|
| 740 | 2 | 2 | _aالمنهج المنتخب على قواعد المذهب. |
| 740 | 0 | 2 | _aشرح المنهج المنتخب إلى قواعد المذهب. |
| 942 |
_2ddc _cBOOK _n0 |
||
| 949 |
_aSA-JeALM _d241015 _umohamedma123 _n1 |
||
| 999 |
_c1409 _d1409 |
||